| 000 | 01412cam a2200325 i 4500 | ||
|---|---|---|---|
| 001 | 17398065 | ||
| 003 | PILC | ||
| 005 | 20160119084752.0 | ||
| 008 | 120723s2014 maua b 001 0 eng d | ||
| 010 | _a 2012945042 | ||
| 020 | _a9780495501961 (pbk.) | ||
| 020 | _a0495501964 (pbk.) | ||
| 035 | _a(OCoLC)ocn800033066 | ||
| 040 |
_aBTCTA _beng _erda _cBTCTA _dYDXCP _dBWX _dNGU _dZ6E _dOCLCF _dOCLCQ _dDLC |
||
| 042 | _alccopycat | ||
| 050 | 0 | 0 |
_aP 90 _b.G724 2014 |
| 082 | 0 | 4 | _a302.2 UKP |
| 100 | 1 | _aGriffin, Cindy L. | |
| 245 | 1 | 0 |
_aInvitation to human communication / _cCindy L. Griffin, Jennifer Emerling Bone. |
| 260 |
_aUSA : _bCengage Learning, _c2014. |
||
| 300 |
_axxv, 456 pages : _bcolor illustrations ; _c26 cm. |
||
| 500 | _aIncludes bibliographical references and index. | ||
| 500 | _a"Invitation to human communication, working in partnership with National Geographic, acknowledges the complexity of today's world, the power of communication, and the necessity of teaching students the foundational skills they will need to both compete and succeed in this complex and exciting environment."--Preface. | ||
| 650 | 0 | _aCommunication. | |
| 700 | 1 | _aBone, Jennifer Emerling. | |
| 710 | 2 | _aNational Geographic Learning (Firm) | |
| 906 |
_a7 _bcbc _ccopycat _d2 _encip _f20 _gy-gencatlg |
||
| 942 |
_2lcc _cBK _kFOR |
||
| 999 |
_c290441 _d290441 |
||